=LDR 00000nam 2200000 4500 =001 000242 =005 20250711024113 =035 ##$$a 0010-0725000068 =245 1#$$a Kado Natal Tersembunyi /$c Annie Besant =100 #$$a Besant,Annie =250 ##$$a pertama =300 ##$$a 20hlm : $b Ilus. ; $c 21.5cm =856 ##$$a TBM AS-SYUHADA =700 #$$a Alicia Souza =260 ##$$a Jakarta Timur :$b Badan Pengembangan dan Pembinaan Bahasa,$c 2022 =082 ##$$a 398.280 2 =650 #4$$a cerita anak- terjemahan =650 #4$$a literasi bahan bacaan =008 250711################a##########0#ind## =020 ##$$a 978-623-307-591-6 =084 ##$$a 398.280 2 BES k =990 ##$$a TBM202500052